| 000 | 01397nam a2200361Ia 4500 | ||
|---|---|---|---|
| 001 | 9780203392348 | ||
| 003 | BD-DhSAU | ||
| 005 | 20151012151721.0 | ||
| 006 | a|||||s||||||||||| | ||
| 007 | cr|||| | ||
| 008 | 130325s2013 enk sb 001 0 eng d | ||
| 020 | _a9780203392348 (e-book : PDF) | ||
| 040 |
_aBD-DhSAU _cBD-DhSAU |
||
| 090 |
_aHM636 _b.T475 2013 |
||
| 092 |
_a306.4613 _bT457 |
||
| 100 | 1 |
_aThomas, Helen, _d1947- |
|
| 245 | 1 | 4 |
_aThe body and everyday life _h[electronic resource] / _cHelen Thomas. |
| 260 |
_aAbingdon, Oxon : _bRoutledge, _c2013. |
||
| 300 | _a173 p. | ||
| 490 | 1 | _aNew sociology | |
| 504 | _aIncludes bibliographical references (p. [142]-164) and index. | ||
| 505 | 0 | _a1. Introduction : enter 'the body' -- 2. Performing the body -- 3. Performing gender : the 'body' in question -- 4. Ethnographies of the body : absent-presence -- 5. Older bodies : performing age, ageing and invisibility. | |
| 530 | _aAlso available in print edition. | ||
| 538 | _aMode of access: World Wide Web. | ||
| 650 | 0 |
_aHuman body _xSocial aspects. |
|
| 650 | 0 | _aHuman body in popular culture. | |
| 650 | 0 | _aHuman figure in art. | |
| 650 | 0 | _aBody image. | |
| 655 | 7 |
_aElectronic books. _2lcsh |
|
| 776 | 1 |
_z9780415331111 (hardback) _z9780415331128 (pbk.) |
|
| 830 | 0 | _aNew sociology series. | |
| 856 | 4 | 0 | _uhttp://www.tandfebooks.com/isbn/9780203392348 |
| 999 |
_c12760 _d12759 |
||